000 00748nam a2200205Ia 4500
003 GCL
008 140319s9999 xx 000 0 ara d
020 _a6131248977
040 _aGCL /
_cGCL
082 0 4 _a814.02
_bع س
100 1 _aعمر عبدالواحد
245 1 0 _aالسرد والشفاهية :
_bدراسة فى مقامات بديع الزمان الهمذانى /
_cعمر عبدالواحد
250 _aالثانية
260 _aالقاهرة :
_bدار الهدى للنشر والتوزيع ،
_c2003
300 _a176 ص ؛
_c24 سم
650 0 4 _aالسرد الادبى
650 0 4 _aالمقامات العربية - تاريخ ونقد
650 0 4 _aالادب العربى - الشفاهية
942 _2ddc
_cBK
999 _c6316
_d6316